|
|
|
|
| LEADER |
00000nab a2200000 a 4500 |
| 001 |
vtls000239133 |
| 003 |
SK-MaSNL |
| 005 |
20260304171116.0 |
| 008 |
250422c1985 xo 0 slo |
| 015 |
|
|
|a SNBRB19rr/mm-uuuuu
|
| 035 |
|
|
|a CL0249247
|
| 035 |
|
|
|a urn:nbn:sk:snk-ab2tix
|
| 035 |
|
|
|a (urnnbn)urn:nbn:sk:snk:ar-a02x2j
|
| 035 |
|
|
|a (uuid)9c01b623-499e-477f-9331-6257091255d7
|
| 040 |
|
|
|a SNKBUCL
|b slo
|c SNKBUCL
|e AACR2
|
| 041 |
0 |
|
|a cze
|
| 044 |
|
|
|a xo
|c SK
|
| 080 |
|
|
|a 159.92-053.4:301.16
|2 1981
|
| 080 |
|
|
|a 301.16
|2 1981
|
| 100 |
1 |
|
|a Křivohlavý, Jaro,
|d 1925-2014
|4 aut
|9 179331
|
| 245 |
1 |
0 |
|a Sociální percepce dětí předškolního věku
|c J. Křivohlavý, M. Popelková
|
| 300 |
|
|
|b Obr. 2. Tb. 11. Res. rus., angl., lit. 3 zázn. v češ., angl.
|
| 650 |
0 |
7 |
|a deti predškolského veku
|2 SNKPH
|9 4103
|
| 650 |
0 |
7 |
|a sociálne vnímanie
|2 SNKPH
|9 97773
|
| 655 |
|
7 |
|a články z novín a časopisov
|2 SNK
|9 267496
|
| 700 |
1 |
|
|a Popelková, Marta,
|d 1957-
|4 aut
|9 27089
|
| 773 |
0 |
|
|t Psychológia a patopsychológia dieťaťa
|g Roč. 20, č. 1 (1985), s. 41-50
|
| 850 |
|
|
|a Slovenská národná knižnica
|
| 852 |
|
|
|a Slovenská národná knižnica
|
| 954 |
|
|
|a odborná, vedecká literatúra cudzojazyčná (svetová)
|2 lita
|
| 958 |
|
|
|a article2022
|
| 958 |
|
|
|a RK
|
| 958 |
|
|
|a OND
|
| 958 |
|
|
|a EUIPO
|
| 992 |
|
|
|a RBX
|
| 999 |
|
|
|c 2991611
|d 2993541
|